| 000 | 00696cam a2200241 a 4500 | ||
|---|---|---|---|
| 001 | 599293 | ||
| 005 | 20250122115113.0 | ||
| 008 | 910924s1991 tnu b 000 0 eng | ||
| 020 | _a9780840774910 | ||
| 050 | 0 | 0 |
_aR733 _b.S64 1991 |
| 082 | 0 | 0 |
_a615.8/56 _220 |
| 100 | 1 |
_aSneed, David, _d1953- |
|
| 245 | 1 | 4 |
_aThe hidden agenda / _cDavid Sneed and Sharon Sneed. |
| 260 |
_aNashville : _bThomas Nelson Publishers, _cc1991. |
||
| 300 |
_a246 p. ; _c23 cm. |
||
| 500 | _a"A Janet Thoma book." | ||
| 650 | 0 | _aAlternative medicine. | |
| 650 | 0 | _aNew Age movement. | |
| 650 | 0 | _aQuacks and quackery. | |
| 650 | 0 | _aMedical misconceptions. | |
| 700 | 1 |
_aSneed, Sharon _d1953- |
|
| 942 |
_2lcc _cBK _n0 |
||
| 999 |
_c2781 _d2781 |
||